[Event "KOS-ch"]
[Site "Pristina"]
[Date "2022.11.12"]
[Round "2"]
[White "Topalli, Ismet"]
[Black "Aliu, Besnik"]
[Result "1-0"]
[WhiteElo "1845"]
[BlackElo "1933"]
[PlyCount "71"]
[EventDate "2022.11.11"]
[EventType "swiss"]
[EventRounds "9"]
[EventCountry "KOS"]
[SourceTitle "CBM 211 Extra"]
[Source "ChessBase"]
[SourceDate "2023.01.31"]
[SourceVersion "1"]
[SourceVersionDate "2023.01.31"]
[SourceQuality "1"]

1. d4 Nf6 2. e3 b6 3. f4 Bb7 4. Nf3 g6 5. Bd3 Bg7 6. 0-0 0-0 7. c4 d6 8. d5 Nbd7 9. e4 Nc5 10. e5 dxe5 11. fxe5 Ng4 12. Re1 e6 13. h3 Nh6 14. Bg5 Qd7 15. b4 Nxd3 16. Qxd3 exd5 17. Nc3 c6 18. g4 Nxg4 19. hxg4 Qxg4+ 20. Kf2 dxc4 21. Qe4 Qe6 22. Qh4 c5 23. Ne4 cxb4 24. Re3 Bxe4 25. Rxe4 Rae8 26. Rae1 Qf5 27. Rf4 Qd3 28. Be7 b3 29. axb3 cxb3 30. Bxf8 Bxf8 31. Qf6 Qd7 32. Ng5 b2 33. e6 Bc5+ 34. Kg3 fxe6 35. Nf7 Bd4 36. Nh6# 1-0

[Event "KOS-ch"]
[Site "Pristina"]
[Date "2021.10.20"]
[Round "5"]
[White "Topalli, Ismet"]
[Black "Saraci, Korab"]
[Result "0-1"]
[WhiteElo "1884"]
[BlackElo "2163"]
[PlyCount "60"]
[EventDate "2021.10.16"]
[EventType "tourn"]
[EventRounds "9"]
[EventCountry "KOS"]
[SourceTitle "CBM 204 Extra"]
[Source "ChessBase"]
[SourceDate "2021.11.30"]
[SourceVersion "1"]
[SourceVersionDate "2021.11.30"]
[SourceQuality "1"]

1. d4 Nf6 2. e3 g6 3. f4 Bg7 4. Nf3 d6 5. Bd3 Nbd7 6. 0-0 0-0 7. f5 b6 8. fxg6 hxg6 9. Ng5 e5 10. c3 Bb7 11. Qe1 e4 12. Bc2 Re8 13. Nd2 d5 14. b3 Nf8 15. Ba3 Ne6 16. Nxe6 Rxe6 17. Bd1 Rc8 18. Qf2 Qd7 19. c4 c5 20. cxd5 Nxd5 21. Nc4 cxd4 22. Qg3 Nxe3 23. Nxe3 dxe3 24. Rc1 Rf6 25. Bg4 Rxc1 26. Rxc1 Qd2 27. h4 Qf2+ 28. Kh2 Qxg3+ 29. Kxg3 Rf2 30. Rc7 Be5+ 0-1

[Event "KOS Cup"]
[Site "Pristina"]
[Date "2020.02.09"]
[Round "1.2"]
[White "Uruci, Endrit"]
[Black "Topalli, Ismet"]
[Result "1-0"]
[WhiteElo "2230"]
[BlackElo "1906"]
[PlyCount "99"]
[EventDate "2020.02.09"]
[EventType "k.o."]
[EventRounds "5"]
[EventCountry "KOS"]
[SourceTitle "CBM 195 Extra"]
[Source "ChessBase"]
[SourceDate "2020.05.31"]
[SourceVersion "1"]
[SourceVersionDate "2020.05.31"]
[SourceQuality "1"]

1. e4 e5 2. Nf3 d6 3. d4 exd4 4. Nxd4 Nf6 5. Nc3 a6 6. Bg5 Be7 7. Qd2 b5 8. f3 h6 9. Be3 Bd7 10. 0-0-0 c5 11. Nb3 Nc6 12. h4 Be6 13. g4 c4 14. Nd4 Nxd4 15. Qxd4 Qa5 16. Qb6 Qxb6 17. Bxb6 Nd7 18. Be3 Ne5 19. Be2 0-0-0 20. Nd5 Bxd5 21. Rxd5 g5 22. Bb6 Rd7 23. h5 Nc6 24. a4 Kb7 25. Be3 bxa4 26. Bxc4 Rc7 27. Rd2 Ne5 28. Bd5+ Nc6 29. Bxf7 Rf8 30. Bd5 Rxf3 31. Rd3 Rg3 32. Rf1 Kc8 33. Be6+ Kb7 34. Bd5 Kc8 35. Bb6 Rxd3 36. cxd3 Ne5+ 37. Bxc7 Kxc7 38. d4 Nxg4 39. Rf7 Kd8 40. Rh7 Bf6 41. Be6 Nf2 42. e5 dxe5 43. d5 g4 44. d6 Ne4 45. Bxg4 Ke8 46. d7+ Kd8 47. Kc2 Nd6 48. Rxh6 Be7 49. Rh8+ Kc7 50. Rc8+ 1-0

[Event "Pristina op"]
[Site "Pristina"]
[Date "2019.06.28"]
[Round "1"]
[White "Vebic, Kasem"]
[Black "Topalli, Ismet"]
[Result "1/2-1/2"]
[WhiteElo "2168"]
[BlackElo "1926"]
[PlyCount "203"]
[EventDate "2019.06.28"]
[EventType "swiss"]
[EventRounds "9"]
[EventCountry "KOS"]
[SourceTitle "CBM 191 Extra"]
[Source "ChessBase"]
[SourceDate "2019.09.30"]
[SourceVersion "1"]
[SourceVersionDate "2019.09.30"]
[SourceQuality "1"]

1. e4 e5 2. Nf3 d6 3. Bc4 Be7 4. c3 Nf6 5. Ng5 0-0 6. Qb3 Qe8 7. d3 c6 8. a4 Nbd7 9. a5 Nc5 10. Qc2 Ne6 11. h4 h6 12. Qe2 Nf4 13. Bxf4 exf4 14. Qf3 d5 15. Ba2 Bd6 16. Qe2 hxg5 17. hxg5 Ng4 18. Nd2 g6 19. Rh4 Kg7 20. 0-0-0 Rh8 21. Rdh1 Rxh4 22. Rxh4 Qe7 23. Rxg4 Bxg4 24. Qxg4 Qe6 25. Qd1 Be7 26. Nf3 Qg4 27. exd5 Qxg2 28. a6 bxa6 29. dxc6 Qxf2 30. Bd5 Rb8 31. b4 a5 32. Qh1 Qe3+ 33. Kc2 Qe2+ 34. Kc1 Qe3+ 35. Kb2 Qe2+ 36. Ka1 Rh8 37. Qxh8+ Kxh8 38. c7 Bxg5 39. c8Q+ Kg7 40. Qc7 Be7 41. Qxf4 Bf6 42. Qc7 Kh6 43. Qf4+ Kg7 44. Qc7 Kh6 45. Qf4+ Kg7 46. d4 axb4 47. cxb4 Qb5 48. Qd6 a5 49. Qc5 Qa4+ 50. Kb2 axb4 51. Bb3 Qa3+ 52. Kc2 Qa8 53. d5 Qa3 54. Qc4 Qb2+ 55. Kd3 Qb1+ 56. Ke3 Qb2 57. d6 Qc3+ 58. Ke4 Qxc4+ 59. Bxc4 Bd8 60. Nd4 f5+ 61. Kd5 Kf6 62. Ne6 Ba5 63. Kc5 Ke5 64. Kc6 b3 65. Bxb3 Bb4 66. Nc5 Ba5 67. Nd7+ Kd4 68. Nc5 f4 69. Bd1 Ke3 70. Ne6 Bb4 71. Nc5 Ba5 72. Ne6 Bb4 73. Ng5 Kd2 74. Bg4 Ke3 75. Nf3 Kf2 76. Ne5 Kg3 77. Kd5 g5 78. Bd1 Bxd6 79. Kxd6 Kf2 80. Kd5 Ke1 81. Bh5 Kf2 82. Ke4 Kg3 83. Bf3 Kh3 84. Kf5 Kh4 85. Bd1 g4 86. Kxf4 Kh5 87. Bxg4+ Kh6 88. Kf5 Kg7 89. Bh5 Kh6 90. Bg6 Kg7 91. Kg5 Kf8 92. Kf6 Kg8 93. Bf7+ Kh7 94. Ng4 Kh8 95. Bh5 Kg8 96. Bg6 Kh8 97. Bh5 Kh7 98. Ne5 Kh6 99. Bf3 Kh7 100. Ng4 Kg8 101. Be4 Kh8 102. Nh6 1/2-1/2

[Event "KOS Cup"]
[Site "Pristina"]
[Date "2018.02.24"]
[Round "1.8"]
[White "Saraci, Korab"]
[Black "Topalli, Ismet"]
[Result "1-0"]
[WhiteElo "1500"]
[BlackElo "2028"]
[PlyCount "77"]
[EventDate "2018.02.24"]
[EventType "k.o."]
[EventRounds "5"]
[EventCountry "KOS"]
[SourceTitle "EXT 2019"]
[Source "ChessBase"]
[SourceDate "2018.10.10"]
[SourceVersion "1"]
[SourceVersionDate "2018.10.10"]
[SourceQuality "1"]

1. e4 e5 2. Nf3 d6 3. Bc4 Be7 4. d4 exd4 5. Qxd4 Nf6 6. 0-0 0-0 7. h3 Nc6 8. Qe3 Ne5 9. Nxe5 dxe5 10. Nc3 c6 11. Qg3 Qc7 12. Be2 Kh8 13. Kh1 b5 14. a3 b4 15. axb4 Bxb4 16. Ra4 a5 17. f4 Nd7 18. fxe5 Nc5 19. Ra1 Bxc3 20. Qxc3 Nxe4 21. Qa3 Be6 22. Bf4 Qb6 23. Qf3 f5 24. exf6 Nxf6 25. Be5 Qc5 26. Qg3 Rf7 27. Bd3 Bc4 28. b4 Qb5 29. Bxf6 gxf6 30. Rxa5 Rxa5 31. bxa5 Bxd3 32. cxd3 Qxa5 33. Qb8+ Kg7 34. Rf3 Qe1+ 35. Kh2 Qe5+ 36. Rg3+ Kh6 37. Qb4 c5 38. Qh4+ Qh5 39. Qf4+ 1-0